Maps and air photographs / (Record no. 52157)
[ view plain ]
| 000 -LEADER | |
|---|---|
| fixed length control field | 00686nam a2200253 a 4500 |
| 001 - CONTROL NUMBER | |
| control field | 52157 |
| 003 - CONTROL NUMBER IDENTIFIER | |
| rucl marc code | BD-RJUL |
| 005 - DATE AND TIME OF LATEST TRANSACTION | |
| control field | 20211209075748.0 |
| 008 - FIXED-LENGTH DATA ELEMENTS--GENERAL INFORMATION | |
| fixed length control field | 500101s1969 enkabdf b 001 0 eng d |
| 020 ## - INTERNATIONAL STANDARD BOOK NUMBER | |
| International Standard Book Number | 071315425X |
| 035 ## - SYSTEM CONTROL NUMBER | |
| System control number | (BD-RjUL)52277 |
| 040 ## - CATALOGING SOURCE | |
| Original cataloging agency | BD-RjUL |
| Language of cataloging | eng |
| Transcribing agency | BD-RjUL |
| Modifying agency | BD-RjUL |
| 041 ## - LANGUAGE CODE | |
| Language code of text/sound track or separate title | eng |
| 082 ## - DEWEY DECIMAL CLASSIFICATION NUMBER | |
| Edition number | 23 |
| Classification number | 526.8 |
| Author mark and year | DIM 1969 |
| 100 1# - MAIN ENTRY--PERSONAL NAME | |
| Personal name | Dickinson, G. C. |
| 9 (RLIN) | 156017 |
| 245 10 - TITLE STATEMENT | |
| Title | Maps and air photographs / |
| Statement of responsibility, etc. | G.C. Dickinson. |
| 260 ## - PUBLICATION, DISTRIBUTION, ETC. (IMPRINT) | |
| Place of publication, distribution, etc. | London : |
| Name of publisher, distributor, etc. | Edward Arnold, |
| Date of publication, distribution, etc. | c1969. |
| 300 ## - PHYSICAL DESCRIPTION | |
| Pagination | xi, 286 p. : |
| Illustrations | Ill. ; |
| Size | 26 cm. |
| 500 ## - GENERAL NOTE | |
| General note | Include index |
| 650 #0 - SUBJECT ADDED ENTRY--TOPICAL TERM | |
| Topical term or geographic name as entry element | Maps. |
| 9 (RLIN) | 156018 |
| Topical term or geographic name as entry element | Aerial photography. |
| 9 (RLIN) | 144698 |
| 942 ## - ADDED ENTRY ELEMENTS (KOHA) | |
| Source of classification or shelving scheme | Dewey Decimal Classification |
| Koha item type | Books |
| Lost status | Source of classification or shelving scheme | Damaged status | Not for loan | Collection code | Permanent Location | Current Location | Shelving location | Date acquired | Source of acquisition | Cost, normal purchase price | Total Checkouts | Full call number | Date last seen | Copy number | Koha item type |
|---|---|---|---|---|---|---|---|---|---|---|---|---|---|---|---|
| Dewey Decimal Classification | Non-fiction | Central Library, University of Rajshahi | Central Library, University of Rajshahi | 01/08/1970 | Zeitlinger | 45.00 | 526.8 DIM 1969 | 06/09/2016 | C-2 | Books | |||||
| Dewey Decimal Classification | Non-fiction | Central Library, University of Rajshahi | Central Library, University of Rajshahi | 01/08/1970 | Zeitlinger | 45.00 | 526.8 DIM 1969 | 06/09/2016 | C-3 | Books | |||||
| Dewey Decimal Classification | Non-fiction | Central Library, University of Rajshahi | Central Library, University of Rajshahi | 01/08/1970 | Zeitlinger | 45.00 | 526.8 DIM 1969 | 06/09/2016 | C-4 | Books | |||||
| Dewey Decimal Classification | Non-fiction | Central Library, University of Rajshahi | Central Library, University of Rajshahi | 01/08/1970 | Zeitlinger | 45.00 | 526.8 DIM 1969 | 03/10/2016 | C-5 | Books | |||||
| Dewey Decimal Classification | Non-fiction | Central Library, University of Rajshahi | Central Library, University of Rajshahi | Electronic Books | 1970-08-01 | 45.00 | 526.8 DIM 1969 | 05/10/2016 | C-6 | Books |